<?xml version="1.0" encoding="UTF-8"?>
<record
    xmlns:xsi="http://www.w3.org/2001/XMLSchema-instance"
    xsi:schemaLocation="http://www.loc.gov/MARC21/slim http://www.loc.gov/standards/marcxml/schema/MARC21slim.xsd"
    xmlns="http://www.loc.gov/MARC21/slim">

  <leader>01378    a2200229   4500</leader>
  <controlfield tag="001">49824</controlfield>
  <controlfield tag="005">20260407155759.0</controlfield>
  <controlfield tag="008">260407a2001    arg                 spa d</controlfield>
  <controlfield tag="003">AR-UNSa-BCEJYS</controlfield>
  <datafield tag="040" ind1=" " ind2=" ">
    <subfield code="a">AR-UNSa-BCEJYS</subfield>
    <subfield code="b">spa</subfield>
    <subfield code="c">AR-UNSa-BCEJYS</subfield>
  </datafield>
  <datafield tag="080" ind1=" " ind2=" ">
    <subfield code="a">658.16</subfield>
    <subfield code="x">Reorganizaci&#xF3;n financiera (Proyectos de inversi&#xF3;n)</subfield>
  </datafield>
  <datafield tag="245" ind1="1" ind2="0">
    <subfield code="a">Evaluaci&#xF3;n de proyectos de inversi&#xF3;n en la empresa</subfield>
  </datafield>
  <datafield tag="020" ind1=" " ind2=" ">
    <subfield code="a">978-987-9460-19-1</subfield>
  </datafield>
  <datafield tag="264" ind1=" " ind2="1">
    <subfield code="a">Buenos Aires :</subfield>
    <subfield code="b">Prentice Hall</subfield>
    <subfield code="c">2001</subfield>
  </datafield>
  <datafield tag="300" ind1=" " ind2=" ">
    <subfield code="a">412 P.</subfield>
    <subfield code="c">23 cm.</subfield>
  </datafield>
  <datafield tag="505" ind1=" " ind2=" ">
    <subfield code="a">1. Proyectos en empresas en marcha &#x2013; 2. Comportamientos del mercado: marco econ&#xF3;mico y predictivo &#x2013; 3. Costos relevantes en proyectos de cambio &#x2013; 4. Efectos tributarios de un proyecto sobre la empresa &#x2013; 5. Costo e inversiones &#x2013; 6. C&#xE1;lculo de beneficios del proyecto &#x2013; 7. &#xBF;C&#xF3;mo construir los flujos de caja de proyecto &#x2013; 8. C&#xE1;lculo y an&#xE1;lisis de la viabilidad econ&#xF3;mica  - 9.  Evaluaci&#xF3;n de inversiones ante incertidumbre &#x2013; 10. C&#xE1;lculo de la tasa de costo de capital &#x2013; 11. An&#xE1;lisis optimizante del proyecto &#x2013; 12. Outsourcing, reemplazo, ampliaci&#xF3;n, abandono e internalizaci&#xF3;n  - 13. Estudio de casos. </subfield>
  </datafield>
  <datafield tag="041" ind1=" " ind2=" ">
    <subfield code="a">spa</subfield>
  </datafield>
  <datafield tag="942" ind1=" " ind2=" ">
    <subfield code="c">BK</subfield>
  </datafield>
  <datafield tag="590" ind1=" " ind2=" ">
    <subfield code="a">niveau_biblio:m niveau_hierar:0</subfield>
  </datafield>
  <datafield tag="100" ind1="1" ind2=" ">
    <subfield code="a">Sapag Chain, Nassir</subfield>
  </datafield>
  <datafield tag="856" ind1="4" ind2="1">
    <subfield code="u">https://www.biblioeco.unsa.edu.ar/pmb/images/libros/L128202.jpg</subfield>
    <subfield code="y">Imagen de portada</subfield>
    <subfield code="q">image/jpeg</subfield>
  </datafield>
  <datafield tag="999" ind1=" " ind2=" ">
    <subfield code="c">4895</subfield>
    <subfield code="d">4895</subfield>
  </datafield>
  <datafield tag="952" ind1=" " ind2=" ">
    <subfield code="0">0</subfield>
    <subfield code="1">0</subfield>
    <subfield code="4">0</subfield>
    <subfield code="7">0</subfield>
    <subfield code="a">BCEJYS</subfield>
    <subfield code="b">BCEJYS</subfield>
    <subfield code="c">16</subfield>
    <subfield code="d">2026-04-07</subfield>
    <subfield code="l">0</subfield>
    <subfield code="o">658.16 S241e</subfield>
    <subfield code="p">L128202</subfield>
    <subfield code="r">2026-04-07 15:57:59</subfield>
    <subfield code="w">2026-04-07</subfield>
    <subfield code="y">L</subfield>
  </datafield>
</record>
